Missing Word: How Are You Feeling Today? Quiz Stats

 Plays Quiz Updated Jun 22, 2016

Challenge
Share
Tweet
Embed
Score 0/20 Timer 03:00
4 Plays Today
Song Missing Word % Correct
Shiny _____ PeopleHappy
92.6%
Dazed and ________Confused
88.7%
___ but TrueSad
83.4%
_____ MaryProud
71.7%
___ About YouMad
64.9%
Are You ________ Tonight?Lonesome
62%
I Feel ____Fine
60.1%
_____ of Being AloneTired
54.9%
Maybe I'm ______Amazed
45.7%
____ for WordsLost
42.8%
Song Missing Word % Correct
Keep the Customer _________Satisfied
42.2%
19th _______ BreakdownNervous
41.4%
Are You ___________?Experienced
34.3%
_____ to Shoot StrangersAfraid
31%
____ All the TimeAngry
28.9%
_________ VoyageFantastic
27.9%
_______ GuyJealous
20.2%
So _______Excited
10.6%
Fight Like a _____Brave
9.4%
Glad to Be _______Unhappy
7%

Today's Daily Dose

Word Ladder
King of the...

Quick Pick
The Doors Songs

On This Day
August 17th II

You're not logged in!

Compare scores with friends on all Sporcle quizzes.
Join for Free
OR
Log In

You Might Also Like...

Show Comments

Extras

Top Quizzes Today


Score Distribution

Your Account Isn't Verified!

In order to create a playlist on Sporcle, you need to verify the email address you used during registration. Go to your Sporcle Settings to finish the process.

Report this User

Report this user for behavior that violates our Community Guidelines.

Details: